000 00615nam a22001937a 4500
999 _c180412
_d180412
005 20220218152047.0
010 _aENG-129692
020 _c350.00
_a9789390157075
035 _aEN-113224
037 _bDBAD/PUB
082 _a519.56
100 _aSinha,Mosam
245 _aWriting of thesis & research papers/
_cMosam Sinha
250 _a2020
260 _aNew Delhi
_bD.P.S Publishing House
_c2020
270 _a4598/12B,Gola Cottage, Ansari+- Road, Darya Ganj
_bNew Delhi
_e110002
_k011-43586184
_mdpspublishinghouse@gmail.com
300 _a116p.
_c24cm(pbk)
942 _2ddc
_cEN
_h519.56
_mSIN